Makroekonomická analýza čínskej ekonomiky - problematika HDP
Zhodnotenie vývoja makroekonomického ukazovateľa - hrubého národného produktu Číny.
Saved in:
| Main Author: | |
|---|---|
| Other Authors: | , , |
| Format: | Book Chapter |
| Language: | Slovak |
| Subjects: | |
| Tags: |
No Tags, Be the first to tag this record!
|
MARC
| LEADER | 00000naa a2200000 4500 | ||
|---|---|---|---|
| 001 | 0143531 | ||
| 005 | 20250210093004.7 | ||
| 041 | 0 | |a slo | |
| 044 | |a SK | ||
| 245 | 1 | 0 | |a Makroekonomická analýza čínskej ekonomiky - problematika HDP |c Ladislav Mura, Dagmar Kozelová, Lucia Zeleňáková, Ivana Červeňanská |
| 520 | |a Zhodnotenie vývoja makroekonomického ukazovateľa - hrubého národného produktu Číny. | ||
| 610 | 2 | 0 | |a analýza ekonomická |
| 610 | 2 | 0 | |a produkt domáci hrubý |
| 610 | 2 | 0 | |a Čína |
| 610 | 2 | 0 | |a situácia hospodárska |
| 610 | 2 | 0 | |a ukazovatele makroekonomické |
| 100 | 1 | |a Mura, Ladislav, 1979- | |
| 700 | 1 | |a Kozelová, Dagmar | |
| 700 | 1 | |a Zeleňáková, Lucia | |
| 700 | 1 | |a Červeňanská, Ivana | |